000 00334nam a2200109Ia 4500
008 210107s9999 xx 000 0 und d
100 _aStephen, S.Jeyaseela
245 0 _aTrade and globalization; Europeans, Americans and Indians in the Bay of Bengal (1511-1819)
260 _aJaipur
_bRawat Publications
300 _aed.
942 _cBK
999 _c11090
_d11090